<?xml version="1.0" encoding="UTF-8"?>
<collection xmlns="http://www.loc.gov/MARC21/slim">
 <record>
  <leader>02144nam a22002657a 4500</leader>
  <controlfield tag="001">NCT_30550</controlfield>
  <controlfield tag="008">180416b        xxu||||| |||| 00| 0 vie d</controlfield>
  <datafield tag="999" ind1=" " ind2=" ">
   <subfield code="c">1470</subfield>
   <subfield code="d">1470</subfield>
  </datafield>
  <datafield tag="020" ind1=" " ind2=" ">
   <subfield code="a">9786046618096</subfield>
   <subfield code="c">65000</subfield>
  </datafield>
  <datafield tag="082" ind1="0" ind2="4">
   <subfield code="2">23rd ed.</subfield>
   <subfield code="a">616.07</subfield>
   <subfield code="b">X527</subfield>
  </datafield>
  <datafield tag="100" ind1="1" ind2=" ">
   <subfield code="a">Nguyễn Thị Xuyến</subfield>
   <subfield code="e">Chủ biên</subfield>
  </datafield>
  <datafield tag="245" ind1="1" ind2="0">
   <subfield code="a">Hướng dẫn chẩn đoán và điều trị bệnh bằng y học hạt nhân</subfield>
   <subfield code="b">:Ban hành kèm theo Quyết định số 5204/QĐ-BYT ngày 18/12/2014 của Bộ trơngr Bộ Y tế</subfield>
   <subfield code="c">Nguyễn Thị Xuyến, Nguyễn Quốc Anh, Mai Trong Khoa. Lương Ngọc Khuê</subfield>
  </datafield>
  <datafield tag="260" ind1=" " ind2=" ">
   <subfield code="a">H.</subfield>
   <subfield code="b">Y học</subfield>
   <subfield code="c">2016</subfield>
  </datafield>
  <datafield tag="300" ind1=" " ind2=" ">
   <subfield code="a">115tr.</subfield>
   <subfield code="c">27cm</subfield>
  </datafield>
  <datafield tag="520" ind1="3" ind2=" ">
   <subfield code="a">Tài liệu được xây dựng với sự nỗ lực cao của các nhà khoa học đầu ngành về Y học hạt nhân của Việt Nam. Tài liệu gồm 22 bài hướng dẫn chẩn đoán và điều trị bệnh bằng Y học hạt nhân. Trong đó, tập trung vào hướng dẫn thực hành chẩn đoán và điều trị, vì vậy sẽ rất hữu ích cho các thầy thuốc đa khoa, chuyên khoa trong thực hành lâm sàng hàng ngày.</subfield>
  </datafield>
  <datafield tag="700" ind1="1" ind2=" ">
   <subfield code="a">Nguyễn Quốc Anh</subfield>
   <subfield code="e">Đồng Chủ biên</subfield>
  </datafield>
  <datafield tag="700" ind1="1" ind2=" ">
   <subfield code="a">Mai Trọng Khoa</subfield>
   <subfield code="e">Đồng Chủ biên</subfield>
  </datafield>
  <datafield tag="700" ind1="1" ind2=" ">
   <subfield code="a">Lương Ngọc Khuê</subfield>
   <subfield code="e">Đồng Chủ biên</subfield>
  </datafield>
  <datafield tag="710" ind1="2" ind2=" ">
   <subfield code="a">Bộ Y tế</subfield>
  </datafield>
  <datafield tag="942" ind1=" " ind2=" ">
   <subfield code="2">ddc</subfield>
   <subfield code="c">BK</subfield>
  </datafield>
  <datafield tag="952" ind1=" " ind2=" ">
   <subfield code="0">0</subfield>
   <subfield code="1">0</subfield>
   <subfield code="2">ddc</subfield>
   <subfield code="4">0</subfield>
   <subfield code="6">616_070000000000000_X527</subfield>
   <subfield code="7">0</subfield>
   <subfield code="9">7075</subfield>
   <subfield code="a">000001</subfield>
   <subfield code="b">000001</subfield>
   <subfield code="d">2018-04-16</subfield>
   <subfield code="o">616.07 X527</subfield>
   <subfield code="p">MD.10856</subfield>
   <subfield code="r">2018-04-16</subfield>
   <subfield code="v">65000.00</subfield>
   <subfield code="w">2018-04-16</subfield>
   <subfield code="y">BK</subfield>
  </datafield>
  <datafield tag="952" ind1=" " ind2=" ">
   <subfield code="0">0</subfield>
   <subfield code="1">0</subfield>
   <subfield code="2">ddc</subfield>
   <subfield code="4">0</subfield>
   <subfield code="6">616_070000000000000_X527</subfield>
   <subfield code="7">0</subfield>
   <subfield code="9">7076</subfield>
   <subfield code="a">000001</subfield>
   <subfield code="b">000001</subfield>
   <subfield code="d">2018-04-16</subfield>
   <subfield code="o">616.07 X527</subfield>
   <subfield code="p">MD.11704</subfield>
   <subfield code="r">2018-04-16</subfield>
   <subfield code="v">65000.00</subfield>
   <subfield code="w">2018-04-16</subfield>
   <subfield code="y">BK</subfield>
  </datafield>
  <datafield tag="952" ind1=" " ind2=" ">
   <subfield code="0">0</subfield>
   <subfield code="1">0</subfield>
   <subfield code="2">ddc</subfield>
   <subfield code="4">0</subfield>
   <subfield code="6">616_070000000000000_X527</subfield>
   <subfield code="7">0</subfield>
   <subfield code="9">7077</subfield>
   <subfield code="a">000001</subfield>
   <subfield code="b">000001</subfield>
   <subfield code="d">2018-04-16</subfield>
   <subfield code="o">616.07 X527</subfield>
   <subfield code="p">MD.11705</subfield>
   <subfield code="r">2018-04-16</subfield>
   <subfield code="v">65000.00</subfield>
   <subfield code="w">2018-04-16</subfield>
   <subfield code="y">BK</subfield>
  </datafield>
  <datafield tag="952" ind1=" " ind2=" ">
   <subfield code="0">0</subfield>
   <subfield code="1">0</subfield>
   <subfield code="2">ddc</subfield>
   <subfield code="4">0</subfield>
   <subfield code="6">616_070000000000000_X527</subfield>
   <subfield code="7">0</subfield>
   <subfield code="9">7078</subfield>
   <subfield code="a">000001</subfield>
   <subfield code="b">000001</subfield>
   <subfield code="d">2018-04-16</subfield>
   <subfield code="o">616.07 X527</subfield>
   <subfield code="p">MD.11706</subfield>
   <subfield code="r">2018-04-16</subfield>
   <subfield code="v">65000.00</subfield>
   <subfield code="w">2018-04-16</subfield>
   <subfield code="y">BK</subfield>
  </datafield>
  <datafield tag="980" ind1=" " ind2=" ">
   <subfield code="a">Thư viện Trường Đại học Nam Cần Thơ</subfield>
  </datafield>
 </record>
</collection>
